| 000 | 00546nam a2200097Ia 4500 | ||
|---|---|---|---|
| 008 | 170517s9999 xx 000 0 und d | ||
| 245 | _aPhoning from the Philippines | ||
| 300 | _aMove over India - Manila is the new call center capital of the world. With its English-speaking workforce, geopolitical stability and embracement of Western culture, the Philippines is fast becoming the world's hottest destination for call centers. Established in... | ||
| 650 | _xBusiness and Economics. | ||
| 856 | _uhttp://topdocumentaryfilms.com/phoning-philippines/ | ||
| 999 |
_c333289 _d333289 |
||